000 00325nam a22001457a 4500
003 OSt
005 20160727222343.0
008 160620b xxu||||| |||| 00| 0 eng d
040 _cTEST
100 _9148
_aLishak, A
245 _aWonderrest
_bWonderrest
260 _aGinn & Comp
_c1990
300 _aWonderrest
942 _2ddc
_cBK
999 _c120
_d120